<?xml version="1.0" encoding="UTF-8"?>
<record
    xmlns:xsi="http://www.w3.org/2001/XMLSchema-instance"
    xsi:schemaLocation="http://www.loc.gov/MARC21/slim http://www.loc.gov/standards/marcxml/schema/MARC21slim.xsd"
    xmlns="http://www.loc.gov/MARC21/slim">

  <leader>01384nam a22002417a 4500</leader>
  <controlfield tag="003">Uzh_bibl</controlfield>
  <controlfield tag="008">260430b        |||||||| |||| 00| 0 ukr d</controlfield>
  <datafield tag="020" ind1=" " ind2=" ">
    <subfield code="a">966-522-135-3</subfield>
    <subfield code="c">2.50</subfield>
  </datafield>
  <datafield tag="040" ind1=" " ind2=" ">
    <subfield code="b">&#x443;&#x43A;&#x440;.</subfield>
  </datafield>
  <datafield tag="041" ind1=" " ind2=" ">
    <subfield code="2">ukr</subfield>
    <subfield code="a">ukr</subfield>
  </datafield>
  <datafield tag="080" ind1=" " ind2=" ">
    <subfield code="a">94(477)</subfield>
  </datafield>
  <datafield tag="090" ind1=" " ind2=" ">
    <subfield code="a">94(477)</subfield>
    <subfield code="b">&#x41F; 15</subfield>
  </datafield>
  <datafield tag="100" ind1=" " ind2=" ">
    <subfield code="a">   </subfield>
  </datafield>
  <datafield tag="245" ind1=" " ind2=" ">
    <subfield code="a">&#x41F;&#x430;&#x43C;'&#x44F;&#x442;&#x43A;&#x438; &#x434;&#x456;&#x44F;&#x447;&#x430;&#x43C; &#x43D;&#x430;&#x443;&#x43A;&#x438; &#x442;&#x430; &#x43A;&#x443;&#x43B;&#x44C;&#x442;&#x443;&#x440;&#x438; &#x43D;&#x430;&#x446;&#x456;&#x43E;&#x43D;&#x430;&#x43B;&#x44C;&#x43D;&#x438;&#x445; &#x43C;&#x435;&#x43D;&#x448;&#x438;&#x43D; &#x423;&#x43A;&#x440;&#x430;&#x457;&#x43D;&#x438;</subfield>
    <subfield code="c">&#x412;. &#x41E;. &#x413;&#x43E;&#x440;&#x431;&#x438;&#x43A;, &#x422;. &#x406;. &#x411;&#x443;&#x440;&#x434;&#x43E;&#x43D;&#x43E;&#x441;&#x43E;&#x432;&#x430;, &#x41F;. &#x406;. &#x421;&#x43A;&#x440;&#x438;&#x43F;&#x43D;&#x438;&#x43A;</subfield>
    <subfield code="h">&#x422;&#x435;&#x43A;&#x441;&#x442;</subfield>
  </datafield>
  <datafield tag="260" ind1=" " ind2=" ">
    <subfield code="a">&#x41A;&#x438;&#x457;&#x432;</subfield>
    <subfield code="b">&#x413;&#x43E;&#x43B;&#x43E;&#x432;. &#x441;&#x43F;&#x435;&#x446;&#x456;&#x430;&#x43B;&#x456;&#x437;. &#x440;&#x435;&#x434;. &#x43B;&#x456;&#x442;. &#x43C;&#x43E;&#x432;&#x430;&#x43C;&#x438; &#x43D;&#x430;&#x446;. &#x43C;&#x435;&#x43D;&#x448;&#x438;&#x43D; &#x423;&#x43A;&#x440;&#x430;&#x457;&#x43D;&#x438;</subfield>
    <subfield code="c">1998</subfield>
  </datafield>
  <datafield tag="300" ind1=" " ind2=" ">
    <subfield code="a">189 &#x441;.</subfield>
  </datafield>
  <datafield tag="520" ind1=" " ind2=" ">
    <subfield code="a">&#xAB;&#x41F;&#x430;&#x43C;'&#x44F;&#x442;&#x43A;&#x438; &#x434;&#x456;&#x44F;&#x447;&#x430;&#x43C; &#x43D;&#x430;&#x443;&#x43A;&#x438; &#x442;&#x430; &#x43A;&#x443;&#x43B;&#x44C;&#x442;&#x443;&#x440;&#x438; &#x43D;&#x430;&#x446;&#x456;&#x43E;&#x43D;&#x430;&#x43B;&#x44C;&#x43D;&#x438;&#x445; &#x43C;&#x435;&#x43D;&#x448;&#x438;&#x43D; &#x423;&#x43A;&#x440;&#x430;&#x457;&#x43D;&#x438;: &#x43A;&#x430;&#x442;&#x430;&#x43B;&#x43E;&#x433;-&#x434;&#x43E;&#x432;&#x456;&#x434;&#x43D;&#x438;&#x43A;&#xBB; (&#x430;&#x432;&#x442;&#x43E;&#x440;&#x438; &#x412;. &#x41E;. &#x413;&#x43E;&#x440;&#x431;&#x438;&#x43A; &#x442;&#x430; &#x456;&#x43D;., 1998 &#x440;.) &#x454; &#x444;&#x443;&#x43D;&#x434;&#x430;&#x43C;&#x435;&#x43D;&#x442;&#x430;&#x43B;&#x44C;&#x43D;&#x438;&#x43C; &#x434;&#x43E;&#x441;&#x43B;&#x456;&#x434;&#x436;&#x435;&#x43D;&#x43D;&#x44F;&#x43C;, &#x449;&#x43E; &#x43E;&#x43F;&#x438;&#x441;&#x443;&#x454; &#x43E;&#x431;'&#x454;&#x43A;&#x442;&#x438; &#x441;&#x43F;&#x430;&#x434;&#x449;&#x438;&#x43D;&#x438;, &#x43F;&#x43E;&#x432;'&#x44F;&#x437;&#x430;&#x43D;&#x456; &#x437; &#x432;&#x438;&#x434;&#x430;&#x442;&#x43D;&#x438;&#x43C;&#x438; &#x43F;&#x440;&#x435;&#x434;&#x441;&#x442;&#x430;&#x432;&#x43D;&#x438;&#x43A;&#x430;&#x43C;&#x438; &#x456;&#x43D;&#x448;&#x438;&#x445; &#x43D;&#x430;&#x440;&#x43E;&#x434;&#x456;&#x432;, &#x44F;&#x43A;&#x456; &#x437;&#x440;&#x43E;&#x431;&#x438;&#x43B;&#x438; &#x432;&#x43D;&#x435;&#x441;&#x43E;&#x43A; &#x432; &#x443;&#x43A;&#x440;&#x430;&#x457;&#x43D;&#x441;&#x44C;&#x43A;&#x443; &#x43A;&#x443;&#x43B;&#x44C;&#x442;&#x443;&#x440;&#x443;. </subfield>
  </datafield>
  <datafield tag="521" ind1=" " ind2=" ">
    <subfield code="a">&#x414;&#x43B;&#x44F; &#x448;&#x438;&#x440;&#x43E;&#x43A;&#x43E;&#x433;&#x43E; &#x43A;&#x43E;&#x43B;&#x430; &#x447;&#x438;&#x442;&#x430;&#x447;&#x456;&#x432;</subfield>
  </datafield>
  <datafield tag="546" ind1=" " ind2=" ">
    <subfield code="a">&#x443;&#x43A;&#x440;.</subfield>
  </datafield>
  <datafield tag="650" ind1=" " ind2=" ">
    <subfield code="a">&#x414;&#x43E;&#x432;&#x456;&#x434;&#x43A;&#x43E;&#x432;&#x435; &#x432;&#x438;&#x434;&#x430;&#x43D;&#x43D;&#x44F;</subfield>
  </datafield>
  <datafield tag="655" ind1=" " ind2=" ">
    <subfield code="v">&#x43A;&#x430;&#x442;&#x430;&#x43B;&#x43E;&#x433;-&#x434;&#x43E;&#x432;&#x456;&#x434;&#x43D;&#x438;&#x43A;</subfield>
  </datafield>
  <datafield tag="942" ind1=" " ind2=" ">
    <subfield code="2">udc</subfield>
    <subfield code="c">BK</subfield>
  </datafield>
  <datafield tag="999" ind1=" " ind2=" ">
    <subfield code="c">17586</subfield>
    <subfield code="d">17586</subfield>
  </datafield>
  <datafield tag="952" ind1=" " ind2=" ">
    <subfield code="0">0</subfield>
    <subfield code="1">0</subfield>
    <subfield code="2">udc</subfield>
    <subfield code="4">0</subfield>
    <subfield code="7">0</subfield>
    <subfield code="a">CMB</subfield>
    <subfield code="b">CMB</subfield>
    <subfield code="c">AB</subfield>
    <subfield code="d">2026-04-30</subfield>
    <subfield code="i">48309</subfield>
    <subfield code="l">0</subfield>
    <subfield code="o">94(477)</subfield>
    <subfield code="p">19352</subfield>
    <subfield code="r">2026-04-30</subfield>
    <subfield code="w">2026-04-30</subfield>
    <subfield code="y">BK</subfield>
  </datafield>
</record>
